Handbook of lean manufacturing in the food industry (Record no. 119776)
[ view plain ]
| 000 -LEADER | |
|---|---|
| fixed length control field | 01357nam a2200325Ia 4500 |
| 082 04 - DEWEY DECIMAL CLASSIFICATION NUMBER | |
| Classification number | 664.0068/5 |
| 100 1# - MAIN ENTRY--AUTHOR NAME | |
| Personal name | Dudbridge, Mike. |
| 245 10 - TITLE STATEMENT | |
| Title | Handbook of lean manufacturing in the food industry |
| 260 ## - PUBLICATION, DISTRIBUTION, ETC. (IMPRINT) | |
| Place of publication | Chichester, West Sussex, UK ; |
| -- | Ames, Iowa, USA : |
| Name of publisher | Wiley-Blackwell, |
| Year of publication | 2011. |
| 300 ## - PHYSICAL DESCRIPTION | |
| Number of Pages | 231 p. : |
| Other physical details | ill. |
| 650 #0 - SUBJECT ADDED ENTRY--TOPICAL TERM | |
| Topical Term | Food industry and trade |
| Topical Term | Food industry and trade |
| Topical Term | Lean manufacturing |
| 856 40 - ELECTRONIC LOCATION AND ACCESS | |
| Uniform Resource Identifier | http://site.ebrary.com/lib/rucke/Doc?id=10510587 |
No items available.
